Normal view
MARC view
- Muslim scientists
Entry Topical Term
001 - CONTROL NUMBER
- control field: 7413
003 - CONTROL NUMBER IDENTIFIER
- control field: NUST
005 - DATE AND TIME OF LATEST TRANSACTION
- control field: 20171218104301.0
008 - FIXED-LENGTH DATA ELEMENTS
- fixed length control field: 171218|| aca||aabn | a|a d
040 ## - CATALOGING SOURCE
- Original cataloging agency: NUST
- Transcribing agency: NUST
150 ## - HEADING--TOPICAL TERM
- Topical term or geographic name entry element: Muslim scientists
- Geographic subdivision: South Asia
- General subdivision: Biography.
670 ## - SOURCE DATA FOUND
- Source citation: Work cat.: (NUST)0: Karimullah. 7412, Biographical notes on eminent Muslim scientists of South-Asia in the 14th century Hijra /, 1989-
